• 首页
  • 本馆介绍
  • 公告通知
  • 最新文献
  • 馆藏检索
  • 电子资源
  • 读者导购
  • 参考咨询
  • 我的图书馆
  • 登录
  • 详细信息显示
  • 放入我的书架
  • 预约/预借图书
  • 作者相关作品
  • 分类相关作品
  • 丛书相关作品
  • 出版社相关作品

书目信息

  • 表格格式
  • 工作单格式
  • 卡片格式
题名:
新编经典行书鉴赏
    
 
作者: 李代广 主编
分册:  
出版信息: 北京   北京工业大学出版社  2021.1
页数: 51, 646页
开本: 22cm
丛书名:
单 册:
中图分类: J292.113.5
科图分类:
主题词: 行书--法书--鉴赏--中国
电子资源:
ISBN: 978-7-5639-2935-1
000 00859nam0 2200265 45
001 012001000715
005 20130909133608.0
010    @a978-7-5639-2935-1@b精装@dCNY65.00
099    @aCAL 012012015600
100    @a20120120d2012 em y0chiy0110 ea
101 0  @achi
102    @aCN@b110000
105    @ay z 000yy
106    @ar
200 1  @a新编经典行书鉴赏@Axin bian jing dian xing shu jian shang@f李代广主编
210    @a北京@c北京工业大学出版社@d2021.1
215    @a51, 646页@d22cm
300    @a其他题名:经典行书鉴赏
330    @a本书所汇行书书法字体系从历代名家墨迹、名碑、名帖中精选出来的范字, 收集三千余字头, 约一万五千字范字。
517 1  @a经典行书鉴赏
606 0  @a行书@x法书@x鉴赏@y中国
690    @aJ292.113.5@v5
701  0 @a李代广@Ali dai guang@4主编
801    @aCN@b江苏凤凰@c20211018
905    @b1340748-51@dJ292.113.5@e674@f4
    
    新编经典行书鉴赏/李代广主编.-北京:北京工业大学出版社,2021.1
    51, 646页;22cm
    其他题名:经典行书鉴赏
    
    ISBN 978-7-5639-2935-1(精装):CNY65.00
    本书所汇行书书法字体系从历代名家墨迹、名碑、名帖中精选出来的范字, 收集三千余字头, 约一万五千字范字。
●
相关链接 在E读中查询图书 在五车中查询图书 在当当中查询图书 在豆瓣中查询图书


正题名:新编经典行书鉴赏     索取号:J292.113.5/674         预约/预借

序号 登录号 条形码 馆藏地/架位号 状态 备注
1 1340748   213407482   第一样本阅览室/ [索取号:J292.113.5/674] 在馆    
2 1340749   213407491   第一借阅区/ [索取号:J292.113.5/674] 在馆    
3 1340750   213407507   第一借阅区/ [索取号:J292.113.5/674] 在馆    
4 1340751   213407516   第一借阅区/ [索取号:J292.113.5/674] 在馆    
唐山师范学院图书馆 欢迎您!
大连网信软件有限公司© 版权所有